History Quiz

Random History or Country Quiz

Country By Year 1931-1960 Quiz Stats

Quiz Updated Oct 21, 2015

Challenge
Share
Tweet
Embed
Score 0/30 Timer 10:00
3 Plays Today
Hint Country % Correct
Adolf Hitler becomes chancellor of this country.Germany
98.4%
Following the Molotov-Ribbentrop Pact, Germany and the USSR invade this country, starting WWII.Poland
89.2%
The 'Rape of Nanjing', in which Japanese troops kill 40,000-300,000 civilians and commit widespread looting and rape in this country, begins.China
88.8%
Germany fails to defeat the air defenses of this country.UK
88.6%
The National Party is elected in this country and establishes Apartheid.South Africa
86.2%
Fidel Castro becomes leader of this country.Cuba
86.1%
On June 6th, Allied forces land in this country as part of Operation Overlord.France
84.3%
Hitler announces 'Anschluss' between Germany and this country.Austria
84.2%
Singer-songwriter Sam Cooke is born ('by the river in a little tent') in this country.USA
83.4%
British India gains independence, but is first partitioned into India and this country.Pakistan
83.3%
Eva Peron is officially made 'Spiritual Leader' of this country, before dying.Argentina
79.8%
The war between this country, supported by the UN, and its northern neighbour, supported by China and the USSR, comes to an end.South Korea
79.1%
This country wins the FIFA World Cup for the first time. They will go on to win the tournament on 4 more occasions.Brazil
78.1%
After Chiang Kai-Shek withdraws in the Chinese Civil War, he rules only this country.Taiwan
76.3%
The Allies win a decisive victory at El Alamein in this country.Egypt
75.9%
Hint Country % Correct
Frida Kahlo, a native of this country, paints 'My Birth.'Mexico
75.8%
Civil War between Nationalists and Republicans breaks out in this country, both sides receiving support from other nations and foreign volunteers.Spain
73.3%
National Liberation Front created in this country. They will go on to defeat the USA and its preferred government in the South of this country.Vietnam
71.5%
Artist Willem de Kooning, born in this country in 1904, begins his 'Woman' series.Netherlands
70.4%
CERN, based in this country, is established.Switzerland
65.1%
Italy invades this country.Ethiopia
61.5%
Imre Nagy, leader of this country, loses power, prompting a failed anti-USSR revolution in 1956.Hungary
58.5%
Churchill claims that 'From Stettin in the Baltic to Trieste in the Adriatic an iron curtain has descended'. Since 1954 Trieste has been part of this country.Italy
57.5%
WWII ends. Quisling, the leader of the Nazi collaborationist regime in this country, loses power and is executed.Norway
54.1%
33,771 Jews are massacred at Babi Yar by Einsatzgruppe C. Since 1991, Babi Yar has been located in this country.Ukraine
53.3%
Robert Menzies' Liberal Party is re-elected in this country.Australia
45.3%
This country is granted independence from Britain, following pressure from Egypt.Sudan
44%
The USA's Tydings-McDuffie Act both provides for greater independence of, and restricts immigration from, this country.Philippines
35.5%
Operation Cartwheel, initially aimed at Rabaul which today is in this country, sees the first use by the US of its 'island-hopping' strategy.Papua New Guinea
30.2%
'Throne of Blood', an adaptation of Macbeth and a classic of the cinema of this country, is released.Japan
25.3%

You're not logged in!

Compare scores with friends on all Sporcle quizzes.
Join for Free
OR
Log In

You Might Also Like...

Show Comments

Extras

Top Quizzes Today


Score Distribution

Your Account Isn't Verified!

In order to create a playlist on Sporcle, you need to verify the email address you used during registration. Go to your Sporcle Settings to finish the process.

Report this User

Report this user for behavior that violates our Community Guidelines.

Details: